00596nam a22001937a 45000050016000000100029000160200026000450200010000710350027000810370013001080370019001210820006001402450115001462600038002612700045002993000022003447000019003667000017003852010081801381.0 aENG-100848 B-445487-506 a9788125037040c100.00 c95.00 aEN-84381 B-445487-506 bDBAD/PUB bAllied Pub/Ven aS aDispelling the silence :bstories from the commonwealth countries /cedited by S. Shanmugiah [and] G. Baskaran aHyderabadbOrient Blackswanc2009 a3-6-752, HimayatnagarbHyderabade500029 a132p.c21cm (pbk) aShanmugiah, S. aBaskaran, G.